[Event "Sochi Pearl Blitz op"]
[Site "Sochi"]
[Date "2023.10.12"]
[Round "7"]
[White "Savchenko, Boris"]
[Black "Romanov, Nikita M"]
[Result "1-0"]
[WhiteElo "2513"]
[BlackElo "2149"]
[PlyCount "61"]
[EventDate "2023.10.12"]
[EventType "swiss (blitz)"]
[EventRounds "13"]
[EventCountry "RUS"]
[SourceTitle "Mega2024 Update 01"]
[Source "Chessbase"]
[SourceDate "2023.11.12"]
[SourceVersion "1"]
[SourceVersionDate "2023.11.12"]
[SourceQuality "1"]

1. e4 c5 2. Nf3 Nc6 3. Nc3 e5 4. Bc4 Be7 5. d3 Nf6 6. Bg5 d6 7. Nd2 Nd7 8. Be3 Nb6 9. Bb3 0-0 10. 0-0 Bg5 11. f4 exf4 12. Bxf4 Nd4 13. Nd5 Nxb3 14. axb3 Nxd5 15. exd5 Bxf4 16. Rxf4 Qg5 17. Qf3 Bd7 18. Nc4 Qg6 19. Qg3 Qh6 20. Rh4 Qf6 21. Rf1 Qg6 22. Qxg6 hxg6 23. Nxd6 b5 24. Re4 Rad8 25. c4 bxc4 26. bxc4 Rb8 27. Re7 Bf5 28. Nxf5 gxf5 29. Rxf5 Rxb2 30. d6 Rd2 31. d7 1-0

[Event "Sochi Pearl Blitz op"]
[Site "Sochi"]
[Date "2023.10.12"]
[Round "1"]
[White "Triapishko, Alexandr"]
[Black "Romanov, Nikita M"]
[Result "0-1"]
[WhiteElo "2499"]
[BlackElo "2149"]
[PlyCount "64"]
[EventDate "2023.10.12"]
[EventType "swiss (blitz)"]
[EventRounds "13"]
[EventCountry "RUS"]
[SourceTitle "Mega2024 Update 01"]
[Source "Chessbase"]
[SourceDate "2023.11.12"]
[SourceVersion "1"]
[SourceVersionDate "2023.11.12"]
[SourceQuality "1"]

1. Nf3 d5 2. b3 c5 3. Bb2 f6 4. Nc3 e5 5. e4 d4 6. Nd5 Ne7 7. Bc4 Nbc6 8. 0-0 a6 9. a4 Rb8 10. Nh4 Nxd5 11. exd5 Ne7 12. f4 e4 13. f5 g5 14. Qh5+ Kd7 15. Qf7 gxh4 16. d6 Bh6 17. Qxf6 Qf8 18. Qxe7+ Qxe7 19. dxe7 Kxe7 20. f6+ Kd6 21. Rae1 Bxd2 22. Rxe4 b5 23. axb5 axb5 24. Bd3 Bb7 25. Rxh4 Be3+ 26. Rf2 Rbf8 27. Rhf4 h5 28. Bxb5 Rh6 29. b4 Rhxf6 30. g3 Rxf4 31. bxc5+ Kxc5 32. gxf4 Rxf4 0-1

[Event "St Petersburg Korchnoi Memorial op"]
[Site "St Petersburg"]
[Date "2023.08.24"]
[Round "9"]
[White "Kozlov, Denis1111"]
[Black "Romanov, Nikita M"]
[Result "0-1"]
[WhiteElo "2211"]
[BlackElo "2038"]
[PlyCount "76"]
[EventDate "2023.08.18"]
[EventType "swiss"]
[EventRounds "9"]
[EventCountry "RUS"]
[SourceTitle "EXT 2024"]
[Source "ChessBase"]
[SourceDate "2023.10.10"]
[SourceVersion "1"]
[SourceVersionDate "2023.10.10"]
[SourceQuality "1"]

1. Nf3 d5 2. c4 d4 3. g3 Nc6 4. Bg2 e5 5. d3 Bb4+ 6. Bd2 a5 7. 0-0 Nf6 8. Na3 0-0 9. Nc2 Be7 10. a3 e4 11. dxe4 Nxe4 12. Bf4 Bf6 13. Nfe1 Nc5 14. Nd3 Nb3 15. Rb1 g5 16. Bc1 a4 17. Na1 Nca5 18. Nxb3 Nxb3 19. Bd2 c5 20. f4 Be6 21. Bxb7 Ra7 22. Be4 Bxc4 23. fxg5 Bxg5 24. Bxg5 Qxg5 25. Nf4 Re7 26. Qc2 Rxe4 27. Qxe4 Nd2 28. Qc2 Nxb1 29. Rxb1 Bb5 30. Rc1 c4 31. Qe4 d3 32. exd3 cxd3 33. Qd4 Rd8 34. Qf2 d2 35. Rd1 Qf5 36. Ng2 Qe4 37. Qe3 Qxe3+ 38. Nxe3 Be2 0-1

[Event "St Petersburg Korchnoi Memorial op"]
[Site "St Petersburg"]
[Date "2023.08.19"]
[Round "3"]
[White "Vlasenko, Miroslav"]
[Black "Romanov, Nikita M"]
[Result "0-1"]
[WhiteElo "2386"]
[BlackElo "2038"]
[PlyCount "72"]
[EventDate "2023.08.18"]
[EventType "swiss"]
[EventRounds "9"]
[EventCountry "RUS"]
[SourceTitle "EXT 2024"]
[Source "ChessBase"]
[SourceDate "2023.10.10"]
[SourceVersion "1"]
[SourceVersionDate "2023.10.10"]
[SourceQuality "1"]

1. d4 d5 2. Bf4 c5 3. e3 Nc6 4. Nf3 Nf6 5. Nbd2 Qb6 6. dxc5 Qxb2 7. Rb1 Qc3 8. Bb5 e6 9. 0-0 Be7 10. Nb3 0-0 11. Qd3 Ne4 12. Bxc6 bxc6 13. Ne5 Bf6 14. Ng4 a5 15. Nxf6+ Qxf6 16. c4 a4 17. Nd2 e5 18. Bg3 Bf5 19. Nxe4 Bxe4 20. Qe2 Bxb1 21. Rxb1 Ra5 22. cxd5 Rxc5 23. Qa6 cxd5 24. Qxa4 Rfc8 25. h4 Rc1+ 26. Rxc1 Rxc1+ 27. Kh2 Rc8 28. Qg4 Re8 29. a4 d4 30. Qe4 Qg6 31. Qb7 Qe6 32. Qb5 Rd8 33. Bxe5 d3 34. Bd4 d2 35. Qd3 Qe5+ 36. f4 Rxd4 0-1

[Event "Chigorin Memorial 28th"]
[Site "St Petersburg"]
[Date "2021.10.31"]
[Round "9"]
[White "Shishkin, Vladislav"]
[Black "Romanov, Nikita M"]
[Result "1/2-1/2"]
[WhiteElo "1568"]
[BlackElo "1932"]
[PlyCount "94"]
[EventDate "2021.10.23"]
[EventType "swiss"]
[EventRounds "9"]
[EventCountry "RUS"]
[SourceTitle "EXT 2023"]
[Source "ChessBase"]
[SourceDate "2022.10.05"]
[SourceVersion "1"]
[SourceVersionDate "2022.10.05"]
[SourceQuality "1"]

1. e4 c5 2. c3 Nf6 3. e5 Nd5 4. Nf3 d6 5. d4 cxd4 6. cxd4 Nc6 7. Be2 e6 8. 0-0 Be7 9. Bd2 0-0 10. Nc3 Nxc3 11. Bxc3 b6 12. Rc1 Bb7 13. Qb3 Nb8 14. Bb4 dxe5 15. Bxe7 Qxe7 16. dxe5 Na6 17. Bxa6 Bxa6 18. Rfd1 Bb7 19. a3 Bd5 20. Qe3 h6 21. Rc3 Rac8 22. Rdc1 Qb7 23. h3 Rfd8 24. b4 Rxc3 25. Rxc3 Rc8 26. Qc1 Rxc3 27. Qxc3 Be4 28. Kh2 Qd5 29. Kg3 b5 30. Nd2 Bf5 31. Nf3 Qd7 32. Nd4 Be4 33. Qc5 a6 34. h4 Kh7 35. f3 Bd5 36. Qc2+ Kg8 37. Qc5 Bc4 38. Kf2 Bd5 39. Ke3 Qd8 40. g3 Qd7 41. Kf2 Bc4 42. Ke3 Bd5 43. Kf2 f6 44. exf6 gxf6 45. Ne2 e5 46. g4 Bc4 47. Qe3 Bxe2 1/2-1/2

[Event "Chigorin Memorial 28th"]
[Site "St Petersburg"]
[Date "2021.10.27"]
[Round "5"]
[White "Strybuk, Artsiom I"]
[Black "Romanov, Nikita M"]
[Result "1-0"]
[WhiteElo "2231"]
[BlackElo "1932"]
[PlyCount "71"]
[EventDate "2021.10.23"]
[EventType "swiss"]
[EventRounds "9"]
[EventCountry "RUS"]
[SourceTitle "EXT 2023"]
[Source "ChessBase"]
[SourceDate "2022.10.05"]
[SourceVersion "1"]
[SourceVersionDate "2022.10.05"]
[SourceQuality "1"]

1. d4 Nf6 2. Nf3 d5 3. c4 e6 4. g3 Be7 5. Bg2 0-0 6. 0-0 dxc4 7. Na3 Bxa3 8. bxa3 b5 9. a4 a6 10. Ba3 Re8 11. Ne5 Nd5 12. e4 Nb6 13. Qh5 f6 14. a5 Na4 15. Ng4 Ra7 16. Rad1 c5 17. e5 f5 18. dxc5 Qe7 19. c6 Qf7 20. Qxf7+ Rxf7 21. Ne3 Nc3 22. Bd6 Nxd1 23. Rxd1 Nxc6 24. Bxc6 Rd8 25. a4 bxa4 26. Bxa4 f4 27. Nxc4 Bb7 28. Bb3 fxg3 29. hxg3 Bd5 30. Rxd5 exd5 31. Nb6 Kh8 32. Bxd5 Rf5 33. f4 h5 34. Be6 Rff8 35. Bxf8 Rxf8 36. Bd7 1-0

[Event "Anapa Sea Harbor Cup Rapid"]
[Site "Anapa"]
[Date "2021.06.11"]
[Round "3"]
[White "Petrov, Nikita"]
[Black "Romanov, Nikita M"]
[Result "1/2-1/2"]
[WhiteElo "2552"]
[BlackElo "1925"]
[PlyCount "105"]
[EventDate "2021.06.11"]
[EventType "swiss (rapid)"]
[EventRounds "9"]
[EventCountry "RUS"]
[SourceTitle "CBM 202 Extra"]
[Source "ChessBase"]
[SourceDate "2021.07.31"]
[SourceVersion "1"]
[SourceVersionDate "2021.07.31"]
[SourceQuality "1"]

1. d4 Nf6 2. c4 e6 3. Nf3 b6 4. g3 Ba6 5. Qc2 Bb7 6. Bg2 Bb4+ 7. Nbd2 0-0 8. 0-0 Bxd2 9. Bxd2 d6 10. Rfe1 Be4 11. Qb3 h6 12. Bf1 Nbd7 13. Bc3 Bxf3 14. exf3 c6 15. f4 d5 16. Bg2 g6 17. Qc2 Rc8 18. b3 h5 19. a4 Re8 20. Qe2 Qc7 21. Rac1 Qb7 22. Bf3 a6 23. Kg2 b5 24. c5 b4 25. Bd2 a5 26. h3 Kg7 27. Rh1 Qc7 28. Rce1 Rh8 29. Qd3 Rce8 30. Bc1 Qd8 31. Bd1 Qc7 32. Bc2 Qd8 33. f3 Qc7 34. g4 hxg4 35. hxg4 Rxh1 36. Rxh1 Rh8 37. Rxh8 Kxh8 38. Qe3 Ng8 39. f5 exf5 40. gxf5 Nf8 41. Qf4 Qe7 42. Kf1 Kg7 43. Qg3 f6 44. fxg6 Qe6 45. Bf4 Ne7 46. Bd6 Nf5 47. Qe1 Qxe1+ 48. Kxe1 Nxd4 49. Bd1 Nde6 50. Bc2 Nxg6 51. Kd2 Ngf8 52. Bf5 Nd4 53. Ke1 1/2-1/2